[Event "SCO National Chess Online"]
[Site "Chess.com INT"]
[Date "2020.09.27"]
[Round "9.4"]
[White "Esenbek Uulu, Bakai"]
[Black "Esipenko, Andrey"]
[Result "0-1"]
[WhiteElo "2051"]
[BlackElo "2682"]
[PlyCount "80"]
[EventDate "2020.09.26"]
[EventType "team (rapid)"]
[EventRounds "9"]
[EventCountry "USA"]
[SourceTitle "CBM 198 Extra"]
[Source "ChessBase"]
[SourceDate "2020.11.30"]
[SourceVersion "1"]
[SourceVersionDate "2020.11.30"]
[SourceQuality "1"]
[WhiteTeam "Kyrgyzstan "]
[BlackTeam "Russia"]
[WhiteTeamCountry "KGZ"]
[BlackTeamCountry "RUS"]

1. e4 c6 2. d4 d5 3. exd5 cxd5 4. Nf3 Nf6 5. Bd3 Nc6 6. h3 g6 7. c3 Bf5 8. Bxf5 gxf5 9. 0-0 e6 10. Bf4 Bd6 11. Ne5 Rg8 12. Nd2 Qc7 13. Re1 Ne4 14. Nxe4 dxe4 15. Qh5 Nxe5 16. dxe5 Bxe5 17. Bxe5 Qxe5 18. Rad1 Qg7 19. g3 Ke7 20. Qh4+ Qg5 21. Qxg5+ Rxg5 22. Rd4 Rgg8 23. Kf1 h5 24. Ke2 h4 25. Rg1 hxg3 26. fxg3 Rad8 27. Ke3 e5 28. Rxd8 Rxd8 29. g4 Rd3+ 30. Ke2 f4 31. h4 Kf6 32. h5 Rh3 33. g5+ Kg7 34. g6 Rxh5 35. gxf7+ Kxf7 36. b4 Rh2+ 37. Ke1 Rxa2 38. Rg5 Kf6 39. Rh5 e3 40. c4 f3 0-1

[Event "SCO National Chess Online"]
[Site "Chess.com INT"]
[Date "2020.09.26"]
[Round "5.2"]
[White "Esenbek Uulu, Bakai"]
[Black "Xu, Xiangyu"]
[Result "0-1"]
[WhiteElo "2051"]
[BlackElo "2573"]
[PlyCount "60"]
[EventDate "2020.09.26"]
[EventType "team (rapid)"]
[EventRounds "9"]
[EventCountry "USA"]
[SourceTitle "CBM 198 Extra"]
[Source "ChessBase"]
[SourceDate "2020.11.30"]
[SourceVersion "1"]
[SourceVersionDate "2020.11.30"]
[SourceQuality "1"]
[WhiteTeam "Kyrgyzstan "]
[BlackTeam "China"]
[WhiteTeamCountry "KGZ"]
[BlackTeamCountry "CHN"]

1. e4 c5 2. Nf3 Nc6 3. Bb5 e6 4. Bxc6 bxc6 5. 0-0 Ne7 6. c3 Ng6 7. d4 d5 8. e5 Be7 9. Be3 0-0 10. Nbd2 f6 11. Re1 cxd4 12. cxd4 fxe5 13. Nxe5 Nxe5 14. dxe5 d4 15. Bh6 gxh6 16. Ne4 c5 17. g3 Kh8 18. Qh5 Qe8 19. Qxh6 Qg6 20. Qh3 Bb7 21. Nd6 Bd5 22. f4 Rxf4 23. Rf1 Raf8 24. Rxf4 Rxf4 25. Rf1 Bg5 26. Rxf4 Bxf4 27. Nf5 Qxf5 28. Qxf5 Be3+ 29. Qf2 Bxa2 30. Kg2 Bxf2 0-1

[Event "KGZ-ch"]
[Site "Bishkek"]
[Date "2019.04.15"]
[Round "3"]
[White "Mirlan Uulu, Syimyk"]
[Black "Esenbek Uulu, Bakai"]
[Result "0-1"]
[WhiteElo "1838"]
[BlackElo "2046"]
[PlyCount "62"]
[EventDate "2019.04.13"]
[EventType "swiss"]
[EventRounds "9"]
[EventCountry "KGZ"]
[SourceTitle "CBM 190 Extra"]
[Source "ChessBase"]
[SourceDate "2019.07.15"]
[SourceVersion "1"]
[SourceVersionDate "2019.07.15"]
[SourceQuality "1"]

1. e4 c5 2. Nf3 e6 3. d4 cxd4 4. Nxd4 Nc6 5. Nc3 d6 6. Be3 Nf6 7. Be2 Be7 8. 0-0 0-0 9. f4 e5 10. Nb3 exf4 11. Bxf4 Be6 12. Kh1 Ne5 13. Nd4 Rc8 14. Bxe5 dxe5 15. Nf5 Bb4 16. Qxd8 Rfxd8 17. a3 Bxc3 18. Ne7+ Kf8 19. Nxc8 Bxb2 20. Rab1 Bd4 21. Nxa7 Bxa7 22. Rxb7 Bc5 23. Bf3 Bxa3 24. Ra1 Bc5 25. c3 g5 26. Rb5 Rc8 27. h3 h5 28. g4 hxg4 29. hxg4 Nxg4 30. Raa5 Nf2+ 31. Kg2 Nd3 0-1

[Event "KGZ-ch HL"]
[Site "Bishkek"]
[Date "2018.05.17"]
[Round "7"]
[White "Pahomeev, Oleg"]
[Black "Esenbek Uulu, Bakai"]
[Result "0-1"]
[WhiteElo "1968"]
[BlackElo "2029"]
[PlyCount "62"]
[EventDate "2018.05.11"]
[EventType "swiss"]
[EventRounds "9"]
[EventCountry "KGZ"]
[SourceTitle "EXT 2019"]
[Source "ChessBase"]
[SourceDate "2018.10.10"]
[SourceVersion "1"]
[SourceVersionDate "2018.10.10"]
[SourceQuality "1"]

1. e4 c5 2. Nf3 d6 3. d4 cxd4 4. Nxd4 Nf6 5. Nc3 a6 6. Bg5 e6 7. f4 Be7 8. Qf3 Nc6 9. Nb3 Qc7 10. a3 b5 11. Bd3 Bb7 12. Qh3 b4 13. axb4 Nxb4 14. Na5 Nxd3+ 15. Qxd3 0-0 16. Nxb7 Qxb7 17. 0-0 Rfc8 18. Ra2 Rc7 19. Re1 Ng4 20. Qg3 Qb6+ 21. Kf1 Bxg5 22. Qxg4 Bf6 23. e5 dxe5 24. fxe5 Be7 25. Qe2 Rac8 26. Qxa6 Qxa6+ 27. Rxa6 Bb4 28. Re3 h6 29. Na2 Bd2 30. Re2 Rxc2 31. Rb6 Bf4 0-1

[Event "KGZ-ch HL"]
[Site "Bishkek"]
[Date "2018.05.15"]
[Round "5"]
[White "Esenbek Uulu, Bakai"]
[Black "Zhusupov, Mairambek"]
[Result "1-0"]
[WhiteElo "2029"]
[BlackElo "1874"]
[PlyCount "39"]
[EventDate "2018.05.11"]
[EventType "swiss"]
[EventRounds "9"]
[EventCountry "KGZ"]
[SourceTitle "EXT 2019"]
[Source "ChessBase"]
[SourceDate "2018.10.10"]
[SourceVersion "1"]
[SourceVersionDate "2018.10.10"]
[SourceQuality "1"]

1. e4 c5 2. Nf3 d6 3. c3 Nf6 4. Bc4 e6 5. Qe2 Be7 6. d4 0-0 7. e5 Nd5 8. 0-0 Nc6 9. Qe4 cxd4 10. cxd4 Ndb4 11. exd6 Bxd6 12. Nc3 Na5 13. Ng5 g6 14. Qh4 h5 15. Be2 Be7 16. Bxh5 Kg7 17. Bxg6 Rh8 18. Bh7 Kf8 19. Qh6+ Ke8 20. Nxf7 1-0

[Event "KGZ-ch HL"]
[Site "Bishkek"]
[Date "2018.05.12"]
[Round "2"]
[White "Esenbek Uulu, Bakai"]
[Black "Esenbek Uulu, Ilimbek"]
[Result "1/2-1/2"]
[WhiteElo "2029"]
[BlackElo "2179"]
[PlyCount "46"]
[EventDate "2018.05.11"]
[EventType "swiss"]
[EventRounds "9"]
[EventCountry "KGZ"]
[SourceTitle "EXT 2019"]
[Source "ChessBase"]
[SourceDate "2018.10.10"]
[SourceVersion "1"]
[SourceVersionDate "2018.10.10"]
[SourceQuality "1"]

1. e4 e5 2. Nf3 Nc6 3. d4 exd4 4. Nxd4 Nf6 5. Nc3 Bb4 6. Nxc6 bxc6 7. Bd3 d5 8. exd5 cxd5 9. 0-0 0-0 10. Bg5 c6 11. Qf3 Bd6 12. Rfe1 Rb8 13. Rab1 h6 14. Bxf6 Qxf6 15. Qxf6 gxf6 16. Ne2 c5 17. b3 Re8 18. Ng3 Be6 19. Nf5 Bf8 20. Ne3 Bd6 21. Nf5 Bf8 22. Ne3 Bd6 23. Nf5 Bf8 1/2-1/2

[Event "KGZ-ch"]
[Site "Bishkek"]
[Date "2017.03.08"]
[Round "6"]
[White "Esenbek Uulu, Bakai"]
[Black "Esenbek Uulu, Ilimbek"]
[Result "1/2-1/2"]
[WhiteElo "1990"]
[BlackElo "2121"]
[PlyCount "40"]
[EventDate "2017.03.03"]
[EventType "swiss"]
[EventRounds "9"]
[EventCountry "KGZ"]
[SourceTitle "CBM 177 Extra"]
[Source "ChessBase"]
[SourceDate "2017.04.27"]
[SourceVersion "1"]
[SourceVersionDate "2017.04.27"]
[SourceQuality "1"]

1. e4 c5 2. Nf3 d6 3. d4 cxd4 4. Nxd4 Nf6 5. Nc3 g6 6. Be2 Bg7 7. Be3 Nc6 8. Nb3 Be6 9. f4 0-0 10. g4 d5 11. f5 Bc8 12. exd5 Nb4 13. d6 Qxd6 14. Bc5 Qf4 15. Rf1 Qxh2 16. Bxb4 Nxg4 17. Bxg4 Qg3+ 18. Rf2 Qg1+ 19. Rf1 Qg3+ 20. Rf2 Qg1+ 1/2-1/2

[Event "Wch U18"]
[Site "Al Ain"]
[Date "2013.12.23"]
[Round "9"]
[White "Esenbek Uulu, Bakai"]
[Black "Dolnak, Michal"]
[Result "1/2-1/2"]
[WhiteElo "2009"]
[BlackElo "2164"]
[PlyCount "56"]
[EventDate "2013.12.18"]
[EventType "swiss"]
[EventRounds "11"]
[EventCountry "UAE"]
[SourceTitle "CBM 158 Extra"]
[Source "ChessBase"]
[SourceDate "2014.02.28"]
[SourceVersion "1"]
[SourceVersionDate "2014.02.28"]
[SourceQuality "1"]

1. e4 e5 2. Nf3 Nc6 3. Bc4 Bc5 4. c3 Nf6 5. d3 a6 6. 0-0 Ba7 7. Bg5 h6 8. Bh4 d6 9. Re1 g5 10. Bg3 Bg4 11. Nbd2 Bh5 12. Nf1 Qd7 13. Ne3 Bg6 14. b4 0-0 15. a4 Rae8 16. Nd5 Nxd5 17. Bxd5 Kg7 18. b5 Nd8 19. bxa6 bxa6 20. a5 f6 21. Bc4 Qc8 22. Qa4 f5 23. exf5 Bxf5 24. Nd2 Bd7 25. Qa2 Bg4 26. Qa4 Bd7 27. Qa2 Bg4 28. Qa4 Bd7 1/2-1/2

[Event "Wch U18"]
[Site "Al Ain"]
[Date "2013.12.22"]
[Round "6"]
[White "Hasenohr, Benedict"]
[Black "Esenbek Uulu, Bakai"]
[Result "1/2-1/2"]
[WhiteElo "2278"]
[BlackElo "2009"]
[PlyCount "93"]
[EventDate "2013.12.18"]
[EventType "swiss"]
[EventRounds "11"]
[EventCountry "UAE"]
[SourceTitle "CBM 158 Extra"]
[Source "ChessBase"]
[SourceDate "2014.02.28"]
[SourceVersion "1"]
[SourceVersionDate "2014.02.28"]
[SourceQuality "1"]

1. Nf3 Nf6 2. c4 c6 3. Nc3 d5 4. e3 e6 5. b3 Bd6 6. Bb2 0-0 7. Qc2 a6 8. h3 e5 9. cxd5 cxd5 10. d4 e4 11. Nd2 Nc6 12. a3 Be6 13. b4 Nd7 14. Ndxe4 dxe4 15. d5 Bxd5 16. Nxd5 f5 17. Bc4 Kh8 18. Rd1 Qg5 19. Kf1 Nde5 20. h4 Qh6 21. Be2 Rad8 22. a4 Qe6 23. Nf4 Qf7 24. b5 Nb4 25. Qc3 Na2 26. Qd4 Bc7 27. Nd5 Bb8 28. h5 Nd3 29. Rxd3 exd3 30. Bf3 Rfe8 31. h6 Be5 32. Qc4 Bxb2 33. Qxa2 Be5 34. hxg7+ Qxg7 35. Qd2 axb5 36. axb5 Ra8 37. Qxd3 Ra1+ 38. Bd1 Qg4 39. f3 Qg6 40. Rh3 Rg8 41. g3 f4 42. e4 fxg3 43. Kg2 Ra2+ 44. Be2 Qd6 45. Qc4 Qa3 46. Nf4 Bxf4 47. Qd4+ 1/2-1/2

[Event "Wch U18"]
[Site "Al Ain"]
[Date "2013.12.18"]
[Round "1"]
[White "Esenbek Uulu, Bakai"]
[Black "Saraci, Nderim"]
[Result "0-1"]
[WhiteElo "2009"]
[BlackElo "2047"]
[PlyCount "88"]
[EventDate "2013.12.18"]
[EventType "swiss"]
[EventRounds "11"]
[EventCountry "UAE"]
[SourceTitle "CBM 158 Extra"]
[Source "ChessBase"]
[SourceDate "2014.02.28"]
[SourceVersion "1"]
[SourceVersionDate "2014.02.28"]
[SourceQuality "1"]

1. e4 c5 2. Nf3 d6 3. d4 cxd4 4. Nxd4 Nf6 5. Nc3 g6 6. Bc4 Bg7 7. Be3 Ng4 8. h3 Nxe3 9. fxe3 Nc6 10. 0-0 0-0 11. Nce2 Qb6 12. Qd2 Na5 13. Bd5 e6 14. Bb3 e5 15. Nf3 Bh6 16. Kh1 Nxb3 17. axb3 Bxe3 18. Qd3 Be6 19. Nc3 Bh6 20. Rfd1 Rfd8 21. Nd5 Bxd5 22. Qxd5 Rac8 23. c3 Rc5 24. Qd3 Qxb3 25. Rxa7 Qxb2 26. c4 Qb4 27. g4 Qxc4 28. Nxe5 Qxd3 29. Nxd3 Rb5 30. Ne1 Bf4 31. Nf3 Rc8 32. Ra3 Rb4 33. Re1 Rcc4 34. e5 dxe5 35. Nxe5 Bxe5 36. Rxe5 Rb2 37. Re1 Rf4 38. Kg1 h6 39. Rf1 Rxf1+ 40. Kxf1 h5 41. Ke1 Kg7 42. Rf3 g5 43. Kd1 Rb4 44. Rf5 Rd4+ 0-1

[Event "Asia-ch U18"]
[Site "Sari"]
[Date "2013.06.25"]
[Round "6"]
[White "Javanbakht, Nima"]
[Black "Esenbek Uulu, Bakai"]
[Result "1-0"]
[WhiteElo "2384"]
[BlackElo "1998"]
[PlyCount "49"]
[EventDate "2013.06.21"]
[EventType "swiss"]
[EventRounds "7"]
[EventCountry "IRI"]
[SourceTitle "EXT 2015"]
[Source "ChessBase"]
[SourceDate "2014.11.20"]
[SourceVersion "1"]
[SourceVersionDate "2014.11.20"]
[SourceQuality "1"]

1. d4 d5 2. c4 c6 3. Nc3 Nf6 4. Nf3 dxc4 5. a4 Bf5 6. Ne5 e6 7. f3 Bb4 8. e4 Bg6 9. Nxc4 Nxe4 10. fxe4 Qh4+ 11. Kd2 Qf2+ 12. Kd3 f5 13. Qf3 Qe1 14. Qe2 Qh4 15. Be3 0-0 16. g3 Qd8 17. Kc2 fxe4 18. Ne5 Be8 19. Bh3 Nd7 20. Bxe6+ Kh8 21. Bxd7 Bxd7 22. Qc4 Bxc3 23. bxc3 Qe7 24. Rhf1 Bh3 25. Nf7+ 1-0

[Event "Wch U18"]
[Site "Maribor"]
[Date "2012.11.10"]
[Round "3.51"]
[White "Draskovic, Davor"]
[Black "Esenbek Uulu, Bakai"]
[Result "1/2-1/2"]
[WhiteElo "1852"]
[BlackElo "1984"]
[PlyCount "91"]
[EventDate "2012.11.08"]
[EventType "swiss"]
[EventRounds "11"]
[EventCountry "SLO"]
[SourceTitle "EXT 2013"]
[Source "ChessBase"]
[SourceDate "2012.11.22"]
[SourceVersion "1"]
[SourceVersionDate "2012.11.22"]
[SourceQuality "1"]

1. e4 c5 2. Nf3 e6 3. c4 Nc6 4. d4 cxd4 5. Nxd4 Nf6 6. Nc3 Bb4 7. Nxc6 bxc6 8. Bd3 e5 9. 0-0 0-0 10. Be3 Qa5 11. Bg5 Ne8 12. Bd2 d6 13. a3 Bxc3 14. Bxc3 Qb6 15. Qd2 f5 16. exf5 Bxf5 17. Bxf5 Rxf5 18. Rac1 Rb8 19. Qd3 Rf7 20. b4 Rd8 21. Qe3 Qxe3 22. fxe3 Rxf1+ 23. Kxf1 Kf7 24. c5 Ke6 25. cxd6 Rxd6 26. Ke2 Nf6 27. Be1 Kd7 28. Rc4 Kc7 29. Bg3 Nd7 30. Rh4 h6 31. Rh5 Re6 32. Rf5 g6 33. Rf7 h5 34. Rg7 Kc8 35. Bh4 a6 36. Kd3 Kc7 37. Ke4 Kd6 38. Rg8 Nb6 39. Rg7 Nd7 40. Rg8 Nb6 41. Rd8+ Kc7 42. Rd3 Nc4 43. Rc3 Nd6+ 44. Kd3 e4+ 45. Ke2 Nf5 46. Bg3+ 1/2-1/2

[Event "Central Asia Cup 2nd"]
[Site "Bishkek"]
[Date "2012.06.16"]
[Round "5"]
[White "Esenbek Uulu, Bakai"]
[Black "Kurbonboeva, Sarvinoz"]
[Result "1-0"]
[WhiteElo "1934"]
[BlackElo "2199"]
[PlyCount "71"]
[EventDate "2012.06.12"]
[EventType "swiss"]
[EventRounds "9"]
[EventCountry "KGZ"]
[SourceTitle "EXT 2013"]
[Source "ChessBase"]
[SourceDate "2012.11.22"]
[SourceVersion "1"]
[SourceVersionDate "2012.11.22"]
[SourceQuality "1"]

1. e4 c5 2. Nf3 g6 3. d4 cxd4 4. Nxd4 Nc6 5. Nc3 Bg7 6. Be3 Nf6 7. Bc4 0-0 8. Bb3 d6 9. f3 Bd7 10. Qd2 Nxd4 11. Bxd4 b5 12. 0-0-0 a5 13. e5 dxe5 14. Bxe5 a4 15. Bd5 b4 16. Bxf6 Bxf6 17. Ne4 Rb8 18. Bxf7+ Rxf7 19. Qxd7 Qa5 20. Rd5 Qb6 21. Qxa4 Bg7 22. Rhd1 Rff8 23. Kb1 Kh8 24. Qb3 h6 25. Nc5 e6 26. Nd7 Qa7 27. R5d3 Rfe8 28. Nxb8 Qxb8 29. Qa4 Rf8 30. h3 Kh7 31. Rd7 Qe5 32. Qxb4 Rb8 33. Rb7 Rxb7 34. Qxb7 Qe2 35. Rc1 Qxg2 36. a4 1-0

[Event "Central Asia Cup 2nd"]
[Site "Bishkek"]
[Date "2012.06.12"]
[Round "1"]
[White "Abdyjapar, Asyl"]
[Black "Esenbek Uulu, Bakai"]
[Result "1-0"]
[WhiteElo "2342"]
[BlackElo "1934"]
[PlyCount "37"]
[EventDate "2012.06.12"]
[EventType "swiss"]
[EventRounds "9"]
[EventCountry "KGZ"]
[SourceTitle "EXT 2013"]
[Source "ChessBase"]
[SourceDate "2012.11.22"]
[SourceVersion "1"]
[SourceVersionDate "2012.11.22"]
[SourceQuality "1"]

1. c4 c6 2. e4 d5 3. exd5 cxd5 4. d4 Nf6 5. Nc3 Nc6 6. Bg5 e6 7. Nf3 Bb4 8. Bd3 Qa5 9. 0-0 Bxc3 10. Bxf6 gxf6 11. bxc3 Qxc3 12. cxd5 exd5 13. Rb1 0-0 14. Rb3 Qa5 15. Nh4 Ne7 16. Bxh7+ Kg7 17. Rg3+ Ng6 18. Qh5 Rh8 19. Rxg6+ 1-0

[Event "KGZ-ch"]
[Site "Bishkek"]
[Date "2012.04.07"]
[Round "7"]
[White "Esenbek Uulu, Bakai"]
[Black "Takyrbashev, Bolot"]
[Result "0-1"]
[WhiteElo "1934"]
[BlackElo "2142"]
[PlyCount "58"]
[EventDate "2012.04.01"]
[EventType "swiss"]
[EventRounds "11"]
[EventCountry "KGZ"]
[SourceTitle "EXT 2013"]
[Source "ChessBase"]
[SourceDate "2012.11.22"]
[SourceVersion "1"]
[SourceVersionDate "2012.11.22"]
[SourceQuality "1"]

1. e4 c5 2. Nf3 Nc6 3. d4 cxd4 4. Nxd4 g6 5. Nc3 Bg7 6. Be3 Nf6 7. Bc4 0-0 8. f3 Qb6 9. Qd2 Nxe4 10. Nxe4 Bxd4 11. Bxd4 Qxd4 12. 0-0-0 Qxc4 13. Qh6 f6 14. b3 Qf7 15. h4 d6 16. g4 f5 17. gxf5 Bxf5 18. Ng3 Nb4 19. h5 Bxc2 20. Rd4 Rac8 21. Rxb4 Bxb3+ 22. Kb2 Bc2 23. Ne4 Bxe4 24. Rxe4 Qf6+ 25. Kb1 Qxf3 26. Rhe1 Qd3+ 27. Ka1 Rc2 28. Qe3 Qxe3 29. R4xe3 e5 0-1

[Event "KGZ-ch"]
[Site "Bishkek"]
[Date "2012.04.02"]
[Round "2"]
[White "Esenbek Uulu, Bakai"]
[Black "Umarbekov, Aziz"]
[Result "0-1"]
[WhiteElo "1934"]
[BlackElo "2247"]
[PlyCount "54"]
[EventDate "2012.04.01"]
[EventType "swiss"]
[EventRounds "11"]
[EventCountry "KGZ"]
[SourceTitle "EXT 2013"]
[Source "ChessBase"]
[SourceDate "2012.11.22"]
[SourceVersion "1"]
[SourceVersionDate "2012.11.22"]
[SourceQuality "1"]

1. d4 Nf6 2. c4 c5 3. dxc5 e5 4. Nc3 Bxc5 5. e3 0-0 6. Nf3 e4 7. Nd4 d5 8. cxd5 Nbd7 9. Nb3 Bd6 10. Nd2 Re8 11. Qc2 Nb6 12. Ndxe4 Nxe4 13. Nxe4 Bf5 14. Bd3 Nxd5 15. Nxd6 Nb4 16. Nxf5 Nxc2+ 17. Bxc2 Rc8 18. Nh6+ gxh6 19. Bb3 Qd3 20. Bd2 a5 21. Rd1 Qb5 22. Bc3 a4 23. Bc2 a3 24. Bb3 Red8 25. Rxd8+ Rxd8 26. bxa3 Qd3 27. Bd4 Rc8 0-1

[Event "World ol U16 10th"]
[Site "Kocaeli"]
[Date "2011.10.26"]
[Round "5.9"]
[White "Esenbek Uulu, Bakai"]
[Black "Repka, Christopher"]
[Result "0-1"]
[WhiteElo "1887"]
[BlackElo "2129"]
[PlyCount "64"]
[EventDate "2011.10.24"]
[EventType "team-swiss"]
[EventRounds "10"]
[EventCountry "TUR"]
[SourceTitle "EXT 2012"]
[Source "ChessBase"]
[SourceDate "2011.11.24"]
[SourceVersion "1"]
[SourceVersionDate "2011.11.24"]
[SourceQuality "1"]
[WhiteTeam "Kyrgyzstan"]
[BlackTeam "Slovakia"]
[WhiteTeamCountry "KGZ"]
[BlackTeamCountry "SVK"]

1. e4 Nc6 2. d4 d5 3. exd5 Qxd5 4. Nf3 Bg4 5. Nc3 Qa5 6. Be2 0-0-0 7. Be3 Nf6 8. 0-0 e5 9. Bg5 Bxf3 10. Bxf3 Nxd4 11. Bg4+ Kb8 12. Bxf6 gxf6 13. Ne4 Be7 14. Bh5 f5 15. Nc3 e4 16. Kh1 Qe5 17. Re1 Qg7 18. g3 Qh6 19. a3 Nb3 20. cxb3 Rxd1 21. Bxd1 Bc5 22. Rf1 Qc6 23. Be2 a6 24. b4 Bd4 25. Rac1 Qh6 26. Rcd1 Bxc3 27. bxc3 Qf6 28. Rd4 Rd8 29. Rfd1 Rxd4 30. Rxd4 Qc6 31. Bc4 e3+ 32. Kg1 Qxc4 0-1